| 000 | 00474pab a2200169 454500 | ||
|---|---|---|---|
| 008 | 180718b2007 xxu||||| |||| 00| 0 eng d | ||
| 100 | _aBelwal, O.K. | ||
| 245 | _aHill out-migration from Uttarakhand: access to livelihood, education and other determinants of movement | ||
| 260 | _c2007 | ||
| 300 | _ap.135-43. | ||
| 362 | _aJan-Jun | ||
| 650 | _aMigration - India - Uttarakhand | ||
| 650 | _aMigration | ||
| 773 | _aDemography India | ||
| 908 | _aN | ||
| 909 | _a77819 | ||
| 999 |
_c77819 _d77819 |
||